| 000 | 00884cam a22002531 4500 | ||
|---|---|---|---|
| 001 | 23953 | ||
| 003 | BD-RjUL | ||
| 005 | 20211209001006.0 | ||
| 008 | 140312r19511942enkab 001 0 eng | ||
| 035 | _a(BD-RjUL)24018 | ||
| 040 |
_aDLC _cDLC _dDLC _dBD-RjUL _beng |
||
| 041 | _aeng | ||
| 082 | 0 | 0 |
_a942 _bTRI 1951 |
| 100 | 1 |
_aTrevelyan, G. M., _d1876-1962. _973734 |
|
| 245 | 1 | 0 |
_aIllustrated English social history / _cBy G. M. Trevelyan; Illus. selected by Ruth C. Wright. _nVOLUME TWO : _pThe Age of Shakespeare and the Stuart Period. |
| 260 |
_aLondon ; _aNew York : _bLongmans, Green, _c1942 [Impression 1951, 1964]. |
||
| 300 |
_axi, 206 p. : _billus. (part col.) map. ; _c22 cm. |
||
| 504 | _aIncludes index. | ||
| 651 | 0 |
_aGreat Britain _xHistory. _973750 |
|
| 651 | 0 |
_aEngland _xSocial conditions. _973751 |
|
| 942 |
_2ddc _cBK |
||
| 999 |
_c23953 _d23953 |
||